Statistics for Little Shop of Horrors - Suppertime - Missing Lyrics

Click here to take the quiz!

General Stats

  • This quiz has been taken 38 times
  • The average score is 10 of 11

Answer Stats

Audrey II% Correct
He knows just what you've {done}
100%
He's got your {number} now
100%
I think it's {suppertime}!
100%
You've got no place to {hide}
100%
He knows your life of {crime}
92%
You've got nowhere to {run}
92%
C'mon, c'mon. Your {future} with Audrey!
88%
When he's gone the {world} will be yours. Yours! Yeah,yeah,yeah
88%
C'mon, c'mon. Think about all those {offers}!
85%
C-c-c-cc'mon! I swear on all my {spores}
77%
C'mon, c'mon. Ain't no time to turn {squeamish}!
65%

Score Distribution

Percentile by Number Answered

Percent of People with Each Score

Your Score History

You have not taken this quiz